| 000 | 00455nas a22001933 4500 | ||
|---|---|---|---|
| 999 |
_c8369 _d8369 |
||
| 001 | 8369 | ||
| 003 | BD-JhCC | ||
| 005 | 20180925082656.0 | ||
| 008 | 900328u xx u 0 0 0und | ||
| 035 | _a(BD-JhCC)8369 | ||
| 040 |
_aBD-JhCC _dBD-JhCC |
||
| 041 | _aeng | ||
| 082 |
_bAME 1967 _a070 |
||
| 245 | 0 | 0 | _aAmerican Scientist. |
| 300 |
_a552 p. : _bills; _c21 cm. |
||
| 650 | _aJournal | ||
| 942 |
_2ddc _cBK |
||